Close-Up 'N' Images Quiz Stats

Quiz Updated Mar 15, 2016

Challenge
Share
Tweet
Score 0/20 Timer 04:00
5 Plays Today
% Correct
Nose
99.8%
Net
98.8%
Nest
98.7%
Newspaper
98%
Nutella
96.4%
Nails
95%
Necklace
94.4%
Notebook
94.1%
Noodles
93.4%
Nachos
92.3%
% Correct
Nickels
89.7%
Nutcrackers
83.9%
Nectarine
83.7%
Newt
76.1%
Needle
75%
Narwhal
62%
Napkin
59.7%
Nutmeg
52%
Nougat
45.4%
Nautilus
32.3%

You're not logged in!

Compare scores with friends on all Sporcle quizzes.
Sign Up with Email
OR
Log In

You Might Also Like...

Show Comments

Extras

Top Quizzes Today


Score Distribution

Your Account Isn't Verified!

In order to create a playlist on Sporcle, you need to verify the email address you used during registration. Go to your Sporcle Settings to finish the process.